=LDR 00000nam 2200000 4500 =001 INLIS000000000011045 =005 20201211022632 =035 ##$$a 0010-061300000011045 =008 201211################g##########0#ind## =041 ##$$a Ind =082 ##$$a 331.118 =090 ##$$a 331.118, Tri b =100 ##$$a Triguna =245 1#$$a Budaya kerja : $b Menciptakan lingkungan yang kondusive untuk meningkatkan produktivitas kerja /$c Drs.Triguna, Dipe.Ec.LLM =260 ##$$a Jakarta :$b Golden Terayon Press,$c 1997 =300 ##$$a xii, 140 hlm. ; $c 21 x 16 cm. =850 ##$$a NBPNMAT =084 ##$$a 331.118 TRI b =650 #4$$a Budaya - Lingkungan =990 ##$$a 111.218/Pro-97 =990 ##$$a 111.219/Pro-97 =990 ##$$a 111.220/Pro-97 =990 ##$$a 03420342 =990 ##$$a 00034671 =990 ##$$a 111.218/Pro-97 =990 ##$$a 111.219/Pro-97 =990 ##$$a 111.220/Pro-97